书目信息 |
| 书名: | A TERRIBLE LOVE OF WAR | |
| 作者: | JAMES HILLMAN | |
| 分册号: | ||
| 分册名: | 出版地: | New York |
|
| 出版社: | THE PENGUIN PRESS | |
| 出版时间: | 2010 | |
| 页数: | 256p | |
| 开本: | 22cm | |
| 丛书名: | ||
| 中图分类号: | ||
| 科图分类号: | ||
| 其他分类号: | E0-051 | |
| 主题词: | ||
| 电子资源: | ||
| 000 | 00560nam0 2200217 450 | |
| 001 | 052012176455 | |
| 005 | 20121108095035.0 | |
| 008 | 20021229d1997 em y0chiy0121 ea | |
| 020 | @a978-1-5942-0011-3@bhard@c$23.95 | |
| 041 | @aeng | |
| 091 | @aE0-051 | |
| 099 | @dE0-051@eJ2338 | |
| 100 | @aJAMES HILLMAN | |
| 245 | 10 | @aA TERRIBLE LOVE OF WAR @cJAMES HILLMAN |
| 260 | @aNew York@bTHE PENGUIN PRESS@c2010 | |
| 300 | @a256p@c22cm | |
| 521 | @aA TERRIBLE LOVE OF WAR | |
| 905 | @b009715 | |
| 905 | @b008943 | |
| 905 | @b009130-1 | |
| 905 | @aTSG@dE0-051@eJ2338 | |
| A TERRIBLE LOVE OF WAR / JAMES HILLMAN.-New York : THE PENGUIN PRESS , 2010 |
| 256p ; 22cm |
| A TERRIBLE LOVE OF WAR |
| ISBN 978-1-5942-0011-3hard$23.95 |
| ● |
| 相关链接 |
|
|
|
正题名:A TERRIBLE LOVE OF WAR
索取号:E0-051/J2338
 
预约/预借
| 序号 | 登录号 | 条形码 | 馆藏地/架位号 | 状态 | 备注 |
| 1 | 8943 | 300089437 | 社科库509/509社科库 53排5列2层/ [索取号:E0-051/J2338] | 在馆 | |
| 2 | 9130 | 300091308 | 社科库509/509社科库 53排5列2层/ [索取号:E0-051/J2338] | 在馆 | |
| 3 | 9131 | 300091317 | 社科库509/509社科库 53排5列2层/ [索取号:E0-051/J2338] | 在馆 | |
| 4 | 9715 | 300097151 | 社科库509/509社科库 53排5列2层/ [索取号:E0-051/J2338] | 在馆 |